000 00915 a2200229 4500
005 20260320090715.0
008 260320b |||||||| |||| 00| 0 eng d
020 _a9789364484800 (hbk)
037 _cTB
040 _aBL
_cBL
041 _2hin
_ahin
084 _aO152,1J2,11 R5
_qBL
100 _aगोस्वामी तुलसीदास
_91112975
245 _aश्रीरामचरित्र मानस
260 _aगोरखपुर, भारत:
_bगीताप्रेस,
_c2025.
300 _a1208पृ.
365 _b1600.00
_cINR
650 _aहिन्दी काव्य
_9753858
650 _aहिन्दी साहित्य
942 _cTB
_2CC
_hO152,1J2,11 R5
999 _c1678434
_d1678434